north american capital flags - Statistics

General Stats
  • This quiz has been taken 19 times
  • The average score is 15 of 22
Answer Stats
Picture Answer % Correct
Castries
88%
Havana
88%
Managua
88%
Belmopan
81%
Kingston
81%
Nassau
81%
Panama City
81%
Port of Spain
81%
Washington D.C.
81%
Mexico City
75%
Ottawa
75%
Santo Domingo
69%
Basseterre
56%
Guatemala City
56%
Kingstown
56%
Roseau
56%
Saint George's
56%
Saint John's
56%
San Jose
56%
Tegucigalpa
56%
Port-au-Prince
50%
San Salvador
50%
No matching quizzes found
Score Distribution
Percent of People with Each Score
Percentile by Number Answered
Your Score History
You have not taken this quiz